Merriam-Webster’s Spanish-English dictionary. (Record no. 118092)
[ view plain ]
| 000 -LEADER | |
|---|---|
| fixed length control field | 00409nam a2200145Ia 4500 |
| 008 - FIXED-LENGTH DATA ELEMENTS--GENERAL INFORMATION | |
| fixed length control field | 140609s9999 xx 000 0 und d |
| 020 ## - INTERNATIONAL STANDARD BOOK NUMBER | |
| International Standard Book Number | 9780877799160 |
| 050 ## - LIBRARY OF CONGRESS CALL NUMBER | |
| Classification number | PC 4640 |
| Item number | .M47 2003 |
| 245 ## - TITLE STATEMENT | |
| Title | Merriam-Webster’s Spanish-English dictionary. |
| 260 ## - PUBLICATION, DISTRIBUTION, ETC. (IMPRINT) | |
| Place of publication, distribution, etc | Springfield, Mass., U.S.A. : |
| Name of publisher, distributor, etc | Merriam-Webster, |
| Date of publication, distribution, etc | c2003. |
| 300 ## - PHYSICAL DESCRIPTION | |
| Extent | 738 p. ; |
| Dimensions | 18 cm. |
| 521 ## - TARGET AUDIENCE NOTE | |
| Target audience note | |
| 942 ## - ADDED ENTRY ELEMENTS (KOHA) | |
| Call number prefix | Foreign |
| Koha item type | Books |
| Withdrawn status | Lost status | Damaged status | Home library | Current library | Shelving location | Date acquired | Cost, normal purchase price | Total Checkouts | Full call number | Barcode | Date last seen | Price effective from | Koha item type |
|---|---|---|---|---|---|---|---|---|---|---|---|---|---|
| College Library | College Library | Reference Section | 06/09/2014 | 225.00 | PC 4640 .M47 2003 | C18380 | 05/15/2018 | 06/09/2014 | Books |